000 00431 a2200121 4500
001 ART_2254
005 20260410161724.0
008 260409a
245 1 0 _aEfectos de los diferentes criterios de valución en la determinación de los resultados
100 1 _aSamitier, María C. D. de
700 1 _aPaillet, Eduardo B. A.
773 0 _tAdministración de empresas
_g- Año XVIII, Nº 206 (may. 1987)
_wREV2036
999 _c17227
_d17227